Statistiche per Riconosci la Squadra di calcio - Quiz n°337

Clicka qui per fare il quiz!

Statistiche generali

  • Questo quiz è stato fatto 4 volte
  • Il punteggio medio è 7 su 9

Statistiche sulle risposte

IndizioRisposta% Corretto
Trofei nazionali0
100%
Titoli nazionali0
100%
Trofei internazionali0
100%
Colori socialiMarrone
100%
Fondazione1910
75%
Capienza Stadio29 546 posti
75%
Divisione nazionale 2023-2024Seconda
75%
ConfederazioneUEFA
50%
SquadraFC St. Pauli
25%

Distribuzione punteggi

Percentile per numero di risposta

Percentuale di utenti per punteggio

I tuoi punteggi nel tempo

Non hai fatto questo quiz